000 006310000a22001930004500
999 _c48094
_d48094
001 905
003 CO-MdFUSB
005 20180228184508.0
008 180207b xxu||||| |||| 00| 0 eng d
020 _a958-677-163-6
040 _cCO-MdBIC
082 0 4 _a702 Z148p
100 1 _aElorza M, Gustavo de
245 1 0 _aMi Jardín : Pimpones de Color / Gustavo de Elorza Martinez, editor
260 _aBogotá : Zamora
300 _a77 P.
505 0 0 _aTomo 1 : Técnicas de expresíon artística Tomo 2 : Cocina de niños para niños Tomo 3 : Disfraces, máscaras y maquillaje Tomo 4 : Regalos y fechas especiales
942 _cLGB